| 000 | 00563nam a2200241Ia 4500 | ||
|---|---|---|---|
| 003 | OSt | ||
| 005 | 20221006151738.0 | ||
| 006 | a|||||r|||| 00| 0 | ||
| 007 | ta | ||
| 008 | 221006b |||||||| |||| 00| 0 jpn d | ||
| 020 | _c177.00 | ||
| 024 | _a23,208 | ||
| 037 | _cTextual | ||
| 040 |
_aEASL _cEASL _bjpn |
||
| 041 |
_2jpn _ajpn |
||
| 100 |
_aKUNIO Y _9659914 |
||
| 245 | 0 | _aSogo shosha | |
| 260 |
_aOxford _bOxford University Press _c1982 |
||
| 300 |
_a358p. _ccm. |
||
| 650 | _aJL | ||
| 942 |
_cTEXL _2CC |
||
| 999 |
_c1091294 _d1091294 |
||